000 00743nam a2200193Ia 4500
008 151121s9999||||xx |||||||||||||| ||und||
082 _a058/मिराशी
082 _bHNW-46660
100 _aमिराशी वा। वि।
245 _aसंशोधन मुक्तावलि -सर आठवा
260 _b"विदर्भ संशोधन मंडळ, नागपूर"
260 _c--
300 _a248
600 _aमिराशी वा। वि।
630 _aसंशोधन मुक्तावलि -सर आठवा
700 _aमिराशी वा। वि।
730 _aसंशोधन मुक्तावलि -सर आठवा
942 _cBOOK
999 _c1233117
_d1233114